Schubert & Salzer : maschinenfabrik aktiengesellschaft chemnitz / recopilado por F. Lässig Jr. maschinenfabrik aktiengesellschaft chemnitz / recopilado por F. Lässig Jr.
Descripción Física:
4 f. de làm., [36] p. : il. col. ; 36 cm
Materias:
Maquinària tèxtil -- Exposicions
MARC
| LEADER | 00000nam a2200000Ia 4500 | ||
|---|---|---|---|
| 001 | 20785 | ||
| 008 | 160829s1927 xx 000 0 cat d | ||
| 080 | |a FU-15-44 | ||
| 100 | |a Lässaig, F. |9 47858 | ||
| 245 | |a Schubert & Salzer : |b maschinenfabrik aktiengesellschaft chemnitz / recopilado por F. Lässig Jr. | ||
| 260 | |a Lothringerstr : |b Schubert & Salzer, |c 1927 | ||
| 300 | |a 4 f. de làm., [36] p. : |b il. col. ; |c 36 cm | ||
| 590 | |a Les làmines són pintades a mà. | ||
| 590 | |a Prové de 4275, exp. 2 | ||
| 650 | |a Maquinària tèxtil |x Exposicions |9 47859 | ||
| 856 | 4 | |u https://media.diba.cat/diba/fitxers/arxiu/fulletons/bib_20785_1927_baixa.pdf |y Accés lliure | |
| 856 | 4 | |u https://media.diba.cat/diba/fitxers/arxiu/fulletons/bib_20785_1927_baixa.pdf |y Accés lliure | |
| 901 | |a Arxiu | ||
| 942 | |n 1 |2 udc | ||
| 952 | |0 0 |1 0 |4 0 |6 FU1544 |7 1 |9 54157 |a Arxiu |b Arxiu |d 2016-12-01 |l 0 |o FU-15-44 |p 20785 |r 2016-12-01 00:00:00 |w 2016-12-01 |y ARXIU | ||
| 999 | |c 58026 |d 58026 | ||
| 900 | |a bib_20785_1927_baixa.pdf | ||